<?xml version="1.0" encoding="UTF-8"?><?xml-stylesheet type="text/xsl" href="static/style.xsl"?><OAI-PMH xmlns="http://www.openarchives.org/OAI/2.0/" xmlns:xsi="http://www.w3.org/2001/XMLSchema-instance" xsi:schemaLocation="http://www.openarchives.org/OAI/2.0/ http://www.openarchives.org/OAI/2.0/OAI-PMH.xsd"><responseDate>2026-06-29T02:40:19Z</responseDate><request verb="GetRecord" identifier="oai:docta.ucm.es:20.500.14352/125842" metadataPrefix="marc">https://docta.ucm.es/rest/oai/request</request><GetRecord><record><header><identifier>oai:docta.ucm.es:20.500.14352/125842</identifier><datestamp>2025-11-07T00:53:01Z</datestamp><setSpec>com_20.500.14352_14</setSpec><setSpec>col_20.500.14352_15</setSpec></header><metadata><record xmlns="http://www.loc.gov/MARC21/slim" xmlns:dcterms="http://purl.org/dc/terms/" xmlns:xsi="http://www.w3.org/2001/XMLSchema-instance" xmlns:doc="http://www.lyncode.com/xoai" xsi:schemaLocation="http://www.loc.gov/MARC21/slim http://www.loc.gov/standards/marcxml/schema/MARC21slim.xsd">
   <leader>00925njm 22002777a 4500</leader>
   <datafield ind2=" " ind1=" " tag="042">
      <subfield code="a">dc</subfield>
   </datafield>
   <datafield ind2=" " ind1=" " tag="720">
      <subfield code="a">Lorente Méndez, María del Carmen</subfield>
      <subfield code="e">author</subfield>
   </datafield>
   <datafield ind2=" " ind1=" " tag="720">
      <subfield code="a">Peña, S.</subfield>
      <subfield code="e">author</subfield>
   </datafield>
   <datafield ind2=" " ind1=" " tag="720">
      <subfield code="a">Cerezo, A.</subfield>
      <subfield code="e">author</subfield>
   </datafield>
   <datafield ind2=" " ind1=" " tag="260">
      <subfield code="c">2025</subfield>
   </datafield>
   <datafield ind2=" " ind1=" " tag="520">
      <subfield code="a">Congenital non-epidermolytic ichthyosis was diagnosed in two littermate mixed-breed Yorkshire terrier puppies. Histopathological results confirmed lamellar orthokeratosis; genetic testing for known mutations was negative. Topical treatment improved clinical signs, yet relapse occurred upon discontinuation. This case expands the breeds affected and emphasises the need for life-long management.</subfield>
   </datafield>
   <datafield ind2=" " ind1=" " tag="520">
      <subfield code="a">Se diagnosticó ictiosis congénita no epidermolítica en dos cachorros Yorkshire terrier mestizos de la misma camada. Los resulta-
dos histopatológicos confirmaron ortoqueratosis lamelar; las pruebas genéticas para mutaciones conocidas fueron negativas. El
tratamiento tópico mejoró los signos clínicos, pero se produjo una recaída al suspenderlo. Este caso amplía el número de razas
afectadas y enfatiza la necesidad de un tratamiento de por vida.</subfield>
   </datafield>
   <datafield ind1="8" ind2=" " tag="024">
      <subfield code="a">Lorente-Méndez, C., Peña, S., &amp; Cerezo, A. (2025). Congenital Non-Epidermolytic Ichthyosis in Two Littermate Mixed-Breed Yorkshire Terriers. Veterinary dermatology, 10.1111/vde.70033. Advance online publication. https://doi.org/10.1111/vde.70033</subfield>
   </datafield>
   <datafield ind1="8" ind2=" " tag="024">
      <subfield code="a">0959-4493</subfield>
   </datafield>
   <datafield ind1="8" ind2=" " tag="024">
      <subfield code="a">10.1111/vde.70033</subfield>
   </datafield>
   <datafield ind1="8" ind2=" " tag="024">
      <subfield code="a">https://hdl.handle.net/20.500.14352/125842</subfield>
   </datafield>
   <datafield ind1="8" ind2=" " tag="024">
      <subfield code="a">1365-3164</subfield>
   </datafield>
   <datafield ind1="8" ind2=" " tag="024">
      <subfield code="a">https://doi.org/10.1111/vde.70033</subfield>
   </datafield>
   <datafield ind1="8" ind2=" " tag="024">
      <subfield code="a">41117148</subfield>
   </datafield>
   <datafield ind2="0" ind1="0" tag="245">
      <subfield code="a">Congenital Non‐Epidermolytic Ichthyosis in Two Littermate Mixed‐Breed Yorkshire Terriers</subfield>
   </datafield>
</record></metadata></record></GetRecord></OAI-PMH>